Consignes de vote des candidats présidentielle 2022 pour le 2nd tour - Statistiques

Statistiques générales
  • Ce quiz a été pris 183 fois
  • Le résultat moyen est 8 sur 10
Statistiques - réponses
Candidat Demande de vote % Correct
Valérie Pécresse Emmanuel Macron
100%
Eric Zemmour Marine Le Pen
100%
Yannick Jadot Emmanuel Macron
99%
Anne Hidalgo Emmanuel Macron
98%
Fabien Roussel Emmanuel Macron
96%
Nicolas Dupont-Aignan Marine Le Pen
96%
Jean Lassalle vote blanc
47%
Jean Luc Mélenchon contre Marine Le Pen
41%
Nathalie Arthaud vote blanc
38%
Philippe Poutou contre Marine Le Pen
36%
Aucun quiz correspondant
Distribution des résultats
% des personnes avec chaque résultat
Percentile par nombre de réponses
Votre historique - résultats
Vous n’avez pas pris ce quiz